000 00844nam a2200217 u 4500
001 000318369
003 AM-YeHGA
005 20250618072024.0
008 040316s1971 ai r 000 0 arm d
040 _aAM-YeHGA
041 0 _aarm
080 _a616M2
090 _aՂ-15
100 1 _aՂազարյան, Լիդա Հայկի
245 1 0 _aԱսկարիդները հղի կնոջ առողջության թշնամիներն են /
_cԼ.Հ. Ղազարյան; ՀՍՍՀ Առողջապահ. մինիստր. հանրապետ. Սանլուստուն.
260 _aԵրևան :
_bՀայաստան,
_c1971.
300 _a16 էջ ;
_c20 սմ.
650 1 4 _aԱռողջապահություն
_95263
710 2 _aՀՍՍՀ Առողջապահության մինիստրության հանրապետական Սանլուստուն
090 _c119531
999 _c118183
_d118183